'M' Logos Quiz Stats

 Plays Quiz Updated Oct 2, 2016

Also try: 'L' Logos
Challenge
Share
Tweet
Score 0/18 Timer 05:00
14 Plays Today
% Correct
McDonald's
99.4%
MasterCard
93.4%
Mercedes-Benz
93%
Monster Energy
92.9%
Microsoft
91.4%
Michelin
89.5%
Motorola Mobility
87.9%
Mazda
87.9%
Mitsubishi
87.6%
% Correct
Major League Baseball
86.2%
New York Mets
80.2%
Macy's
76.4%
Metro-Goldwyn-Mayer
73.9%
Mattel
61.8%
Metallica
58.3%
Milton Bradley
55.9%
Manchester City F.C.
29.6%
Monsanto
12.9%

You're not logged in!

Compare scores with friends on all Sporcle quizzes.
OR
Log In

You Might Also Like...

Show Comments

Extras

Top Quizzes Today


Score Distribution

Your Account Isn't Verified!

In order to create a playlist on Sporcle, you need to verify the email address you used during registration. Go to your Sporcle Settings to finish the process.

Report this User

Report this user for behavior that violates our Community Guidelines.

Details: